000 00567nam a2200193Ia 4500
003 OSt
005 20260209100042.0
008 250729s2007 xx 000 0 und d
040 _cAL
041 _akan
082 _a494.507 OBAM
100 _aಓಬಳೇಶಘಟ್ಟಿ ಆರ್
_9228624
245 _aಮಾತೃಭಾಷೆ ಮತ್ತು ಕನ್ನಡ ಬೋಧನಾ ವಿಧಾನಶಾಸ್ತ್ರ
260 _aಗದಗ
_c2007
300 _a505p
650 _aKannada
_9228625
700 _aಓಬo Digumurthi
_9228626
942 _2ddc
_cBED
999 _c238059
_d238059